00369nam a22000977a 4500040000800000082002700008100001600035245010500051300002800156856008700184 cRUA aAGR HAY 2009 B039 Or.1 aHAY CHANTHY aeffectiveness of benzylaminopurine on the growth of protocorm of dendrobium crumenatum sw ,in vitrro axiii, 41p.bill.c29cm. uhttps://drive.google.com/file/d/1o1FeL7Poc7F62MXspj5hQSSueWm2Qa-c/view?usp=sharing